000 00564nam a2200145Ia 4500
008 090124s9999 xx 000 0 und d
082 _b207121
245 _a हमारी संसद(भारत की संसद - एक परिचय)
250 _a2
260 _bकाश्यप सुभाष
_c2005
300 _a267
630 _a हमारी संसद(भारत की संसद - एक परिचय)
730 _a हमारी संसद(भारत की संसद - एक परिचय)
942 _cBOOK
999 _c189149
_d189149